Movies Quiz

Random Movies or Animation Quiz
Score 0/12 Timer 03:00
16 Plays Today
Hint Answer % Correct
The Lion King???
97.7%
Snow White and the Seven Dwarfs???
93.2%
Aladdin???
90.9%
Tangled???
87.7%
Beauty and the Beast???
86.2%
Hercules???
84.9%
Mulan???
75%
Frozen???
70.7%
The Little Mermaid???
69.8%
The Jungle Book???
50.4%
The Aristocats???
50.4%
Brother Bear???
49.9%
Remove Ads.
Support Sporcle.
Get the best of Sporcle when you Go Orange. This ad-free experience offers more features, more stats, and more fun while also helping to support Sporcle. Thank you for becoming a member.

You're not logged in!

Compare scores with friends on all Sporcle quizzes.
OR
Log In

Show Comments

Extras

Top Quizzes Today


Score Distribution

Your Account Isn't Verified!

In order to create a playlist on Sporcle, you need to verify the email address you used during registration. Go to your Sporcle Settings to finish the process.

Report this User

Report this user for behavior that violates our Community Guidelines.

Details: